Biology: A global approach (Record no. 25155)

MARC details
000 -LEADER
fixed length control field 00471nam a2200181Ia 4500
008 - FIXED-LENGTH DATA ELEMENTS--GENERAL INFORMATION
fixed length control field 230917s9999||||xx |||||||||||||| ||und||
020 ## - ISBN
Price GBP55.99
040 ## - CATALOGING SOURCE
-- 244249
Original cataloging agency VIVEKANANDA LIBRARY
041 ## - Language
-- English
082 ## - DDC NUMBER
Classification number 570 C153B(11)
100 ## - MAIN ENTRY--PERSONAL NAME
Personal name Campbell, Neil A
245 #0 - TITLE STATEMENT
Title Biology: A global approach
250 ## - EDITION STATEMENT
Edition statement 11th ed.
260 ## - PUBLICATION, DISTRIBUTION, ETC. (IMPRINT)
Place of publication, distribution, etc New York
Name of publisher, distributor, etc Pearson
Date of publication, distribution, etc 2018
300 ## - PHYSICAL DESCRIPTION
Pages 1342+I-52 p.
500 ## - GENERAL NOTE
General note 2990 21/12/2017 PBA18/1377 22/12/2017 Main Budget
942 ## - ADDED ENTRY ELEMENTS (KOHA)
Koha item type Books
Holdings
Withdrawn status Lost status Damaged status Not for loan Location (home branch) Sublocation or collection (holding branch) Date acquired Koha issues (times borrowed) Koha full call number Accession No. Koha date last seen Koha item type
        VIVEKANANDA LIBRARY VIVEKANANDA LIBRARY 30/01/2018   570 C153B(11) 364794 17/09/2023 Books
© Designed and Maintained by Vivekananda Library, MDU Rohtak